| 000 | 01704cam a2200277u 4500 | ||
|---|---|---|---|
| 001 | rea00041264 | ||
| 005 | 20190704082523.0 | ||
| 007 | ta||| | ||
| 008 | 100506|2008| |||||||e||||||||||||eng|u | ||
| 020 | _a9780199544394 | ||
| 035 | _zNO CTRL | ||
| 039 |
_a40947 _cTLC |
||
| 245 | 0 | 4 |
_aThe Oxford history of English _cedited by Lynda Mugglestone |
| 246 | _aHistory of English | ||
| 260 | 0 |
_aOxford _bOxford University Press _c2008 |
|
| 300 |
_axi, 485 p. _bill., maps _c26 cm |
||
| 500 | _aIncludes bibliographical references (p. [433]-471) and index | ||
| 505 | _aPreliminaries: Before English / Terry Hoad -- Beginnings and Transitions: Old English / Susan Irvine -- Contacts and Conflicts: Latin, Norse, and French / Matthew Townend -- Middle English - Dialects and Diversity / Marilyn Corrie -- From Middle to Early Modern English / Jeremy Smith -- Restructuring Renaissance English / April McMahon -- Mapping Change in Tudor English / Terttu Nevalainen -- The Babel of Renaissance English / Paula Blank -- English at the onset of the normative tradition / Ingrid Tieken-Boon van Ostade -- English in the Nineteenth Century / Lynda Mugglestone -- Modern Regional English in the British Isles / Clive Upton -- English Among the Languages / Richard W. Bailey -- English Worldwide in the Twentieth Century / Tom McArthur -- Into the Twenty-first Century / David Crystal | ||
| 650 | 4 |
_aEnglish language _vHistory. |
|
| 700 |
_aMugglestone, Lynda, _ejt. auth. |
||
| 949 |
_aBMAIN _cPE1075 _d.O97 2008 c.1 _g74615 _5N |
||
| 949 |
_aBMAIN _cPE1075 _d.O97 2008 c.2 _g74616 _5N |
||
| 961 | _t1 | ||
| 999 |
_c36900 _d36900 |
||